| 000 | 00480nam a2200169 i 4500 | ||
|---|---|---|---|
| 001 | 33838 | ||
| 003 | ES-MaACL | ||
| 005 | 20230906154829.0 | ||
| 007 | t| | ||
| 008 | 030203s1908 po ||||1| por d | ||
| 100 | 1 |
_aBocage, Manuel Maria Barbosa du. _929653 |
|
| 245 | 1 | 2 |
_aO hivro dos sonetos / _cManuel Maria Barbosa du Bocage. |
| 250 | _a3ยช ed. esmeradamente rev. | ||
| 260 |
_aLisboa : _b"A. Editora", _c1908. |
||
| 300 |
_a128 p. ; _c19 cm. |
||
| 852 |
_aES-MaACL _j1760-F-3 |
||
| 999 |
_c33838 _d33838 |
||